How to do business with the United Nations : the complete guide to U.N. Procurement 1995 edition.

Bibliographic Details
Main Author: Teyssonnoeyre, 1995
Corporate Author: United Nations
Format: Book
Published: New York: United Nations Association of the United States of America, 1995.
Subjects:
LEADER 00713cam a2200181 7i4500
001 0000003508
005 19991025090000.0
002 ##000004878
020 0 0 |a 1-880632-28-4  
090 0 0 |a USA 658.72   |b HOW# complete guide to U.N. Procurement 1995 edition 
100 1 0 |a Teyssonnoeyre,   |c 1995  
245 1 0 |a How to do business with the United Nations :   |b the complete guide to U.N. Procurement 1995 edition. 
260 0 0 |a New York:   |b United Nations Association of the United States of America,   |c 1995. 
300 0 0 |a 372 p.. 
650 0 0 |a Purchasing --   |x Guidebooks  
651 0 0 |a United States of America  
710 0 0 |a United Nations  
999 |a 0000005256  |b Book  |c Open shelf  |e Business Information Centre